00548nam a22001697a 450000500170000001000260001702000310004303500140007403500140008803700090010208200120011110000180012324501210014126000300026227000530029230000330034520241009103412.0 aENG-129608 ENG-141986 a978-81-927999-4-0c1000.00 aEN-113140 aEN-125518 bDBAD a616.462 aReddy, V Rami aType 2 Diabetes in the Context of Consanguinity-Conjugality, Anthropometry and Clinical Variation/cby V. Rami Reddy aTirupatibV.Indira c2018 a8-30,Vidyanagar,bSvunt colony, Tirupatie517502 a225p.c26cm(pbk)bReferences